000 00373nam a22001577a 4500
999 _c6466
_d6464
005 20210831152842.0
008 200524b xxu||||| |||| 00| 0 eng d
041 _aeng
082 _a340
100 _aBARE ACT
_95744
245 _aTHE LEGAL SERVICES AUTHORITIES ACT, 1987
260 _aDELHI
_bPROFESSIONALS BOOKS
300 _a107p,
650 _aLAW
_95701
942 _cBK